D. Bonifacio Sotos Ochando, el Doctor Zamenhof y los idiomas de su invención : (Record no. 45148)
[ view plain ]
| 000 -LEADER | |
|---|---|
| campo de control de longitud fija | 01155nam a2200241 i 4500 |
| 001 - NÚMERO DE CONTROL | |
| campo de control | 45148 |
| 003 - IDENTIFICADOR DE NÚMERO DE CONTROL | |
| campo de control | ES-MaACL |
| 005 - FECHA Y HORA DE LA ÚLTIMA TRANSACCIÓN | |
| campo de control | 20251004063105.0 |
| 007 - CAMPO FIJO DE DESCRIPCIÓN FÍSICA--INFORMACIÓN GENERAL | |
| campo de control de longitud fija | t| |
| 008 - DATOS DE LONGITUD FIJA--INFORMACIÓN GENERAL | |
| campo de control de longitud fija | 030325s1914 sp |||| | spa d |
| 080 ## - NÚMERO DE LA CLASIFICACIÓN DECIMAL UNIVERSAL | |
| Número de la Clasificación Decimal Universal | 811.92 |
| 100 1# - ENTRADA PRINCIPAL--NOMBRE DE PERSONA | |
| Nombre de persona | Codorniu y Stárico, Ricardo, |
| Fechas asociadas al nombre | 1846-1923 |
| 9 (RLIN) | 39445 |
| 245 10 - MENCIÓN DEL TÍTULO | |
| Título | D. Bonifacio Sotos Ochando, el Doctor Zamenhof y los idiomas de su invención : |
| Resto del título | datos bibliográficos relativos al proyecto de lengua universal de D. Bonifacio Sotos Ochando / |
| Mención de responsabilidad, etc. | Ricardo Codorniu y Stárico. |
| 260 ## - PUBLICACIÓN, DISTRIBUCIÓN, ETC. | |
| Lugar de publicación, distribución, etc. | Murcia : |
| Nombre del editor, distribuidor, etc. | [s.n.], |
| Fecha de publicación, distribución, etc. | 1914 ( |
| Fabricante | Imp. Sucesores de Nogués) |
| 300 ## - DESCRIPCIÓN FÍSICA | |
| Extensión | 24 p. ; |
| Dimensiones | 22 cm. |
| 530 ## - NOTA DISPONIBLE DE FORMULARIO FÍSICO ADICIONAL | |
| Nota de formato físico adicional disponible | Disponible en formato digital. |
| 594 ## - Nota al título y mención de responsabilidad | |
| Nota al título y mención de responsabilidad | Conferencia leída en el Círculo de Bellas Artes e Instrucción Popular de Murcia el día 7 de diciembre de 1913, publicada por acuerdo del Grupo Esperantista de Murcia. |
| 650 #4 - PUNTO DE ACCESO ADICIONAL DE MATERIA--TÉRMINO DE MATERIA | |
| Término de materia o nombre geográfico como elemento de entrada | Lenguas artificiales. |
| 9 (RLIN) | 136381 |
| 710 2# - ENTRADA AGREGADA--NOMBRE DE ENTIDAD CORPORATIVA | |
| Nombre de entidad corporativa o nombre de jurisdicción como elemento de entrada | Círculo de Bellas Artes (Murcia) |
| 9 (RLIN) | 170835 |
| 852 4# - LOCALIZACIÓN | |
| Ubicación | ES-MaACL |
| Número de control de estantería | T-1392-F-7 |
| Nota libre | - Enc. en un vol. facticio |
| 856 4# - LOCALIZACIÓN Y ACCESO ELECTRÓNICOS | |
| Identificador Uniforme de Recursos | <a href="http://bdh-rd.bne.es/viewer.vm?id=0000242968&page=1 ">http://bdh-rd.bne.es/viewer.vm?id=0000242968&page=1 </a> |
| Nota pública | Biblioteca Digital Hispánica |
| Estatus retirado | Estado de pérdida | Estado de daño | No para préstamo | Colección | Biblioteca de origen | Biblioteca actual | Ubicación en estantería | Fecha de adquisición | Fuente de adquisición | Total de préstamos | Signatura topográfica completa | Código de barras | Visto por última vez | Precio de reemplazo | Tipo de ítem Koha |
|---|---|---|---|---|---|---|---|---|---|---|---|---|---|---|---|
| Colección de folletos | Biblioteca del Ateneo de Madrid | Biblioteca del Ateneo de Madrid | Depósito folletos | 17/01/2008 | T-1392-F-7 | 1047513 | 23/02/2023 | 23/02/2023 | Folleto |
